Incantation de la guérison - Raiponce (Paroles) - Statistiques

Statistiques générales
  • Ce quiz a été pris 5 479 fois
  • Le résultat moyen est 28 sur 33
Statistiques - réponses
Paroles % Correct
Fleur
100%
aux
99%
d'or
99%
pétales
99%
m'a
98%
m'a
98%
m'a
98%
magie
97%
ta
97%
le
95%
ce
94%
Ce
94%
ce
94%
Ce
94%
pris
93%
pris
93%
pris
93%
qu'il
93%
qu'il
93%
qu'il
93%
Inverse
92%
temps
90%
répands
72%
les
70%
blessures
69%
rends-moi
69%
Rends-moi
69%
Guéris
64%
destin
63%
impur
61%
la
61%
pluie
56%
Éloigne
51%
Aucun quiz correspondant
Distribution des résultats
% des personnes avec chaque résultat
Percentile par nombre de réponses
Votre historique - résultats
Vous n’avez pas pris ce quiz